Film Regisseure #1 - Statistiken

Allgemein
  • Dieses Quiz wurde 38 mal gespielt
  • Das Durchschnittsergebnis liegt bei 49 aus 120
Antwortstatistiken
Film Regisseur % Korrekt
Psycho Alfred Hitchcock
90%
Pulp Fiction Quentin Tarantino
87%
Der weiße Hai Steven Spielberg
87%
Schindlers Liste Steven Spielberg
87%
Jurassic Park Steven Spielberg
83%
Oppenheimer Christopher Nolan
80%
The Wolf of Wall Street Martin Scorsese
80%
Inglourious Basterds Quentin Tarantino
80%
Clockwork Orange Stanley Kubrick
80%
Der Pate Francis Ford Coppola
77%
Titanic James Cameron
77%
E. T. – Der Außerirdische Steven Spielberg
77%
Die Vögel Alfred Hitchcock
73%
The Dark Knight Christopher Nolan
73%
Kill Bill - Volume 1 Quentin Tarantino
73%
Killers of the Flower Moon Martin Scorsese
70%
Django Unchained Quentin Tarantino
70%
Shining Stanley Kubrick
70%
Catch me if you can Steven Spielberg
70%
Vertigo Alfred Hitchcock
67%
Reservoir Dogs – Wilde Hunde Quentin Tarantino
67%
Tenet Christopher Nolan
63%
Avatar - Aufbruch nach Pandora James Cameron
63%
Taxi Driver Martin Scorsese
63%
Der Herr der Ringe: Die zwei Türme Peter Jackson
63%
The Hateful Eight Quentin Tarantino
63%
Once Upon a Time... in Hollywood Quentin Tarantino
63%
Der große Diktator Charlie Chaplin
60%
The Irishman Martin Scorsese
60%
Full Metal Jacket Stanley Kubrick
60%
2001: Odyssee im Weltraum Stanley Kubrick
60%
Der Soldat James Ryan Steven Spielberg
60%
Gladiator Ridley Scott
57%
Die Fabelmans Steven Spielberg
57%
Jäger des verlorenen Schatzes Steven Spielberg
57%
Shutter Island Martin Scorsese
53%
GoodFellas – Drei Jahrzehnte in der Mafia Martin Scorsese
53%
Barbie Greta Gerwig
50%
Alien – Das unheimliche Wesen aus einer fremden Welt Ridley Scott
50%
A.I. – Künstliche Intelligenz Steven Spielberg
50%
Grand Budapest Hotel Wes Anderson
50%
Million Dollar Baby Clint Eastwood
47%
Gran Torino Clint Eastwood
47%
Angriff der Klonkrieger George Lucas
47%
Die Rache der Sith George Lucas
47%
Krieg der Sterne George Lucas
47%
Transformers Michael Bay
47%
Forrest Gump Robert Zemeckis
47%
Hook Steven Spielberg
47%
West Side Story Steven Spielberg
47%
Die dunkle Bedrohung George Lucas
43%
Der mit dem Wolf tanzt Kevin Costner
43%
Citizen Kane Orson Welles
43%
Minority Report Steven Spielberg
43%
Ready Player One Steven Spielberg
43%
Der Stadtneurotiker Woody Allen
43%
Mein Nachbar Totoro Hayao Miyazaki
40%
Chihiros Reise ins Zauberland Hayao Miyazaki
40%
Parasite Bong Joon-Ho
37%
La La Land Damien Chazelle
37%
Prinzessin Mononoke Hayao Miyazaki
37%
Der Aufstieg Skywalkers J. J. Abrams
37%
Für eine Handvoll Dollar Sergio Leone
37%
Edward mit den Scherenhänden Tim Burton
37%
The Green Mile Frank Darabont
33%
Die Verurteilten Frank Darabont
33%
Poor Things Giorgos Lanthimos
33%
das Schloss im Himmel Hayao Miyazaki
33%
Das wandelnde Schloss Hayao Miyazaki
33%
Das Erwachen der Macht J. J. Abrams
33%
Zwei glorreiche Halunken Sergio Leone
33%
Slumdog Millionär Danny Boyle
30%
der junge und der reiher Hayao Miyazaki
30%
Avengers: Endgame Joe & Anthony Russo
30%
Das Schweigen der Lämmer Jonathan Demme
30%
Little Woman Greta Gerwig
27%
Shape of Water - Das Flüstern des Wassers Guillermo del Toro
27%
Guardians of the Galaxy James Gunn
27%
Iron Man Jon Favreau
27%
Léon - Der Profi Luc Besson
27%
Das fünfte Element Luc Besson
27%
Die letzten Jedi Rian Johnson
27%
Birdman oder (Die unverhoffte Macht der Ahnungslosigkeit) Alejandro González Iñárritu
23%
American Graffiti George Lucas
23%
Marvel’s The Avengers Joss Whedon
23%
Three Billboards Outside Ebbing, Missouri Martin McDonagh
23%
The Banshees of Inisherin Martin McDonagh
23%
Ben Hur William Wyler
23%
Das Imperium schlägt zurück Irvin Kershner
20%
Lucy Luc Besson
20%
Brügge sehen ... und sterben? Martin McDonagh
20%
Gandhi Richard Attenborough
20%
Rogue One Gareth Edwards
17%
The Favourite Giorgos Lanthimos
17%
Toy Story John Lasseter
17%
Shakespeare in Love John Madden
17%
Casablanca Michael Curtiz
17%
Die Rückkehr der Jedi-Ritter Richard Marquand
17%
Men in Black Barry Sonnenfeld
13%
Nomadland Chloé Zhao
13%
Die Brücke am Kwai David Lean
13%
Bibi & Tina - Der Film Detlev Buck
13%
Dirty Dancing Emile Ardolino
13%
Ostwind 2 Katja von Garnier
13%
Ostwind – Aufbruch nach Ora Katja von Garnier
13%
Ostwind - Zusammen sind wir frei Katja von Garnier
13%
Ostwind – Der große Orkan Lea Schmidbauer
13%
Weathering With You – Das Mädchen, das die Sonne berührte Makoto Shinkai
13%
Bad Boys - Harte Jungs Michael Bay
13%
Solo: a Star Wars Story Ron Howard
13%
Ostwind – Aris Ankunft Theresa von Eltz
13%
Ich sehe was, was du nicht siehst Wes Anderson
13%
Porträt einer jungen Frau in Flammen Céline Sciamma
10%
Your Name. – Gestern, heute und für immer Makoto Shinkai
10%
Suzume Makoto Shinkai
10%
Der König der Löwen Roger Allers, Rob Minkoff
10%
Coda Siân Heder
10%
Moonlight Barry Jenkins
7%
Everything Everywhere All at Once Daniel Kwan, Daniel Scheinert
7%
Der große Gatsby Baz Luhtmann
0%
Keine übereinstimmenden Quizze gefunden
Verteilung der Resultate
Anzahl Personen mit jedem Resultat
Perzentil nach korrekt beantworteten Fragen
Ihre Resultats-Entwicklung
Sie haben dieses Quiz noch nicht gespielt